000 04110pam a2200457 i 4500
001 3226961
003 BJBSDDR
005 20260325192321.0
006 a|||||r|||| 00| 0
007 ta
008 790807s1980 coua rb 000 0 eng
010 _a 79019566
020 _a0891585699
020 _a0865310424
_qpbk.
020 _a9780891585695
020 _a9780865310421
_q(pbk.)
035 _a3226961
040 _aDLC
_beng
_cDLC
_dDLC
041 _aeng
050 0 0 _aHM36.5
_b.W253 1980
082 0 0 _a301.6/334
245 0 4 _aThe War system :
_ban interdisciplinary approach /
_cedited by Richard A. Falk and Samuel S. Kim.
260 _aBoulder, Colo. :
_bWestview Press,
_c1980.
300 _axvi, 659 pages :
_billustrations ;
_c24 cm
336 _atext
_btxt
_2rdacontent
337 _aunmediated
_bn
_2rdamedia
338 _avolume
_bnc
_2rdacarrier
440 0 _aWestview special studies in peace, conflict, and conflict resolution
500 _a"Written under the auspices of the Center of International Studies, Princeton University."
504 _aBibliography: p. 645-654.
505 _aContenidos : Preliminary sections List of Tables and Figures Acknowledgments General Introduction πŸ”Ή Part 1: Moral and Philosophical Inquiries Introduction War and Massacre – Thomas Nagel Anarchism and World Order – Richard A. Falk Contrasting Approaches to Conflict – Margaret W. Fisher πŸ”Ή Part 2: Ethological and Psychological Inquiries Introduction The Lorenzian Theory of Aggression and Peace Research: A Critique – Samuel S. Kim The Frustration-Aggression Hypothesis – Leonard Berkowitz The Social Learning Theory of Aggression – Albert Bandura πŸ”Ή Part 3: Cultural and Anthropological Inquiries Introduction Anthropology and the Study of Conflict – Robert A. Le Vine Peaceful Societies – David Fabbro Internal War: A Cross-Cultural Study πŸ”Ή Part 4: Sociopsychological Inquiries Introduction Personality Dynamics and Social Conflict Psychological Factors in Civil Violence Aggressive Behaviors Within Politics (Cross-National Study) πŸ”Ή Part 5: Sociological Inquiries Introduction The Nature of Conflict Some Social Functions of Violence Societal Approaches to the Study of War πŸ”Ή Part 6: Socioeconomic Inquiries Introduction The Economic Foundations of Wars Economic Imperialism A Structural Theory of Imperialism πŸ”Ή Part 7: Decisionmaking Inquiries Introduction Hypotheses on Misperception Crisis, Stress, and Decisionmaking Case Studies: Korea and Cuba πŸ”Ή Part 8: International Systemic Inquiries Introduction National Images and International Systems Patterns in International Warfare (1816–1965) Cause, Surprise, and No Escape πŸ”Ή Part 9: Normative Inquiries Introduction International Law and the Control of Force The Grotian Conception of International Society Unravelling the Future of World Order Final sections Selected Bibliography
520 _aThis book examines war as part of a broader β€œwar system”—a set of political, economic, and social structures that make armed conflict recurring in international relations. Instead of seeing wars as isolated events, the contributors argue that: War is built into the global system (state competition, power struggles, militarization). Political ideologies, economic interests, and security fears reinforce conflict. Lasting peace requires systemic change, not just conflict resolution. The book combines perspectives from political science, law, sociology, and history to explain both the causes of war and possible alternatives, such as stronger international institutions and global cooperation.
650 0 _aWar and society.
700 1 _aFalk, Richard A.,
_d1930-
_eed.
_947704
700 1 _aFalk, Richard A.,
_d1935-
_eed.
_947705
856 4 2 _3Contributor biographical information
_uhttp://www.loc.gov/catdir/enhancements/fy0831/79019566-b.html
906 _a7
_bcbc
_corignew
_d1
_eocip
_f19
_gy-gencatlg
942 _2lcc
_n0
_cBK
946 _illh
999 _c126693
_d126693